[Event "CHN-chT"]
[Site "China"]
[Date "2018.11.30"]
[Round "22.5"]
[White "Wang, Pin"]
[Black "An, Zhixiao"]
[Result "1/2-1/2"]
[WhiteElo "2394"]
[BlackElo "2071"]
[PlyCount "83"]
[EventDate "2018.04.11"]
[EventType "team-tourn"]
[EventRounds "22"]
[EventCountry "CHN"]
[SourceTitle "CBM 187 Extra"]
[Source "ChessBase"]
[SourceDate "2018.11.04"]
[SourceVersion "1"]
[SourceVersionDate "2018.11.04"]
[SourceQuality "1"]
[WhiteTeam "Shanghai China Mobil"]
[BlackTeam "Shenzhen Longgang"]
[WhiteTeamCountry "CHN"]
[BlackTeamCountry "CHN"]

1. d4 d5 2. Bf4 Nf6 3. e3 e6 4. Nf3 Be7 5. h3 b6 6. Bd3 Bb7 7. 0-0 0-0 8. Nbd2 Nbd7 9. Qe2 c5 10. c3 c4 11. Bc2 b5 12. Ne5 Ne4 13. Rad1 f5 14. Nxe4 dxe4 15. a4 a6 16. b3 Nxe5 17. Bxe5 Bd5 18. b4 Bd6 19. Bxd6 Qxd6 20. axb5 axb5 21. Ra1 Qc6 22. Rfe1 Rxa1 23. Rxa1 Ra8 24. Qe1 Ra6 25. Ra5 Qb6 26. Qa1 Bb7 27. Rxa6 Qxa6 28. Qxa6 Bxa6 29. f3 exf3 30. gxf3 Bb7 31. Kf2 Kf7 32. h4 Kf6 33. e4 g6 34. Ke3 h6 35. e5+ Ke7 36. f4 h5 37. Bd1 Kd7 38. Bc2 Ke7 39. d5 Bxd5 40. Kd4 Kd7 41. Kc5 Bc6 42. Kd4 1/2-1/2

[Event "Shandong zt 3.5"]
[Site "Shandong"]
[Date "2007.05.02"]
[Round "5"]
[White "An, Zhixiao"]
[Black "Wu, Wenjin"]
[Result "0-1"]
[WhiteElo "2169"]
[BlackElo "2498"]
[PlyCount "70"]
[EventDate "2007.04.28"]
[EventType "swiss"]
[EventRounds "9"]
[EventCountry "CHN"]
[SourceTitle "CBM 118 Extra"]
[Source "ChessBase"]
[SourceDate "2007.07.04"]
[SourceVersion "1"]
[SourceVersionDate "2007.07.04"]
[SourceQuality "1"]

1. e4 c6 2. d4 d5 3. exd5 cxd5 4. Bd3 Nc6 5. c3 Nf6 6. Bf4 h6 7. h3 g5 8. Bh2 Bg7 9. Nd2 a6 10. a4 Be6 11. Nb3 Ne4 12. f3 Nd6 13. Nc5 Bc8 14. Ne2 b6 15. Nb3 Nc4 16. Qc1 e5 17. 0-0 0-0 18. Kh1 Re8 19. Bg1 Nd6 20. dxe5 Nxe5 21. Qd1 Nxd3 22. Qxd3 Bf5 23. Qd1 Nc4 24. Ra2 Qd7 25. Nbd4 Bg6 26. b3 Ne3 27. Bxe3 Rxe3 28. Rd2 Rae8 29. Nc2 Bxc2 30. Qxc2 Qc7 31. c4 dxc4 32. bxc4 Qe5 33. Nc1 Re1 34. Rd1 Qg3 35. Nd3 R1e2 0-1

[Event "Shandong zt 3.5"]
[Site "Shandong"]
[Date "2007.04.30"]
[Round "3"]
[White "An, Zhixiao"]
[Black "Wang, Hao"]
[Result "0-1"]
[WhiteElo "2169"]
[BlackElo "2638"]
[PlyCount "50"]
[EventDate "2007.04.28"]
[EventType "swiss"]
[EventRounds "9"]
[EventCountry "CHN"]
[SourceTitle "CBM 118 Extra"]
[Source "ChessBase"]
[SourceDate "2007.07.04"]
[SourceVersion "1"]
[SourceVersionDate "2007.07.04"]
[SourceQuality "1"]

1. e4 e5 2. Nf3 Nc6 3. Bb5 a6 4. Ba4 Nf6 5. d4 exd4 6. 0-0 Be7 7. e5 Ne4 8. Nxd4 0-0 9. Nf5 d5 10. Bxc6 bxc6 11. Nxe7+ Qxe7 12. Re1 Bf5 13. f3 Nc5 14. b3 Ne6 15. Ba3 c5 16. Qd2 d4 17. c3 Rfd8 18. c4 a5 19. Qf2 Nf4 20. Qd2 Nd3 21. Re2 a4 22. g4 Bg6 23. f4 Qh4 24. Rg2 Ne1 25. Rg3 Qxg3+ 0-1

[Event "CHN-chT 3rd"]
[Site "China"]
[Date "2007.04.26"]
[Round "3"]
[White "An, Zhixiao"]
[Black "Zhao, Xue"]
[Result "0-1"]
[WhiteElo "2169"]
[BlackElo "2467"]
[PlyCount "82"]
[EventDate "2007.04.??"]
[EventType "team-tourn"]
[EventRounds "18"]
[EventCountry "CHN"]
[SourceTitle "EXT 2017"]
[Source "ChessBase"]
[SourceDate "2016.10.25"]
[SourceVersion "1"]
[SourceVersionDate "2016.10.25"]
[SourceQuality "1"]

1. e4 Nf6 2. e5 Nd5 3. d4 d6 4. c4 Nb6 5. exd6 exd6 6. Nc3 Be7 7. Bd3 Nc6 8. Be3 0-0 9. Nge2 Nb4 10. Bb1 Nxc4 11. a3 Nxe3 12. fxe3 Nc6 13. 0-0 g6 14. Nf4 Bg5 15. Ne4 Bxf4 16. Rxf4 f5 17. Ba2+ d5 18. Nc5 Ne7 19. Qb3 Qd6 20. Raf1 b6 21. Ne4 Qd8 22. Nd2 Kg7 23. Qc3 Bb7 24. e4 Qd7 25. e5 Nc6 26. Nf3 Nd8 27. Ne1 Ne6 28. R4f3 Ng5 29. Rf4 Ba6 30. Nd3 Ne4 31. Qc2 Bc4 32. b3 Bb5 33. Rc1 Rf7 34. a4 Bxd3 35. Qxd3 c5 36. a5 Qe6 37. dxc5 bxc5 38. b4 Qxe5 39. Rff1 c4 40. Qc2 Rb8 41. Rb1 Rfb7 0-1

[Event "Wch U18 Girls"]
[Site "Batumi"]
[Date "2006.10.28"]
[Round "11"]
[White "Purtseladze, Maka"]
[Black "An, Zhixiao"]
[Result "1-0"]
[WhiteElo "2329"]
[BlackElo "2141"]
[PlyCount "95"]
[EventDate "2006.10.19"]
[EventType "swiss"]
[EventRounds "13"]
[EventCountry "GEO"]
[SourceTitle "EXT 2007"]
[Source "ChessBase"]
[SourceDate "2006.11.23"]
[SourceVersion "1"]
[SourceVersionDate "2006.11.23"]
[SourceQuality "1"]

1. d4 Nf6 2. c4 e6 3. Nc3 Bb4 4. Qc2 d5 5. cxd5 exd5 6. Bg5 h6 7. Bh4 c5 8. Nf3 g5 9. Bg3 Ne4 10. dxc5 Nc6 11. e3 Qa5 12. Nd2 Nxc3 13. bxc3 Bxc3 14. Rc1 Bb4 15. Bd3 Be6 16. Ke2 Bxd2 17. Qxd2 Qxd2+ 18. Kxd2 0-0-0 19. Bb5 Bd7 20. Rb1 Na5 21. Be5 Rhg8 22. Bf6 Rde8 23. Kc3 Re6 24. Bd4 Nc6 25. Bd3 Nxd4 26. exd4 Re7 27. Rb2 Rge8 28. Kd2 Kc7 29. Rhb1 Bc6 30. a4 a6 31. a5 Kc8 32. g4 Kc7 33. h4 gxh4 34. Rh1 Re6 35. Rxh4 Rf6 36. Bf5 Bb5 37. Kd1 Ba4+ 38. Kc1 Bb5 39. Rd2 Re1+ 40. Rd1 Rxd1+ 41. Kxd1 Bc4 42. Kd2 Kc6 43. Rh1 h5 44. Rxh5 Kb5 45. Rh1 Kxa5 46. Kc3 b6 47. Ra1+ Kb5 48. Bd7+ 1-0

[Event "Wch U18 Girls"]
[Site "Batumi"]
[Date "2006.10.26"]
[Round "9"]
[White "An, Zhixiao"]
[Black "Gomes, Mary Ann"]
[Result "1/2-1/2"]
[WhiteElo "2141"]
[BlackElo "2264"]
[PlyCount "84"]
[EventDate "2006.10.19"]
[EventType "swiss"]
[EventRounds "13"]
[EventCountry "GEO"]
[SourceTitle "EXT 2007"]
[Source "ChessBase"]
[SourceDate "2006.11.23"]
[SourceVersion "1"]
[SourceVersionDate "2006.11.23"]
[SourceQuality "1"]

1. e4 c5 2. Nf3 d6 3. d4 cxd4 4. Nxd4 Nf6 5. Nc3 a6 6. f4 e5 7. Nf3 Nbd7 8. a4 Be7 9. Bd3 0-0 10. 0-0 Nc5 11. Kh1 exf4 12. Bxf4 Bg4 13. Qd2 Nxd3 14. cxd3 Rc8 15. a5 Rc5 16. b4 Rh5 17. Ne2 Bxf3 18. gxf3 Qd7 19. Ng3 Rb5 20. Rab1 Nh5 21. Nxh5 Rxh5 22. Rbc1 h6 23. Rg1 Kh7 24. Rg2 f5 25. Qc3 Bf6 26. Qc7 Qxc7 27. Rxc7 fxe4 28. fxe4 Bd4 29. Rg4 Kh8 30. Rxb7 g5 31. Bg3 Rc8 32. Rd7 Rc1+ 33. Kg2 Rc2+ 34. Kf1 Be5 35. Bxe5+ dxe5 36. Rg2 Rc1+ 37. Kf2 Rh3 38. Rd6 Rc2+ 39. Kg1 Rc1+ 40. Kf2 Rc2+ 41. Kg1 Rc1+ 42. Kf2 Rc2+ 1/2-1/2

[Event "CHN-chT Torch Real Estate Cup"]
[Site "Wuxi"]
[Date "2005.05.14"]
[Round "13"]
[White "Wang, Xinyue"]
[Black "An, Zhixiao"]
[Result "0-1"]
[WhiteElo "1978"]
[BlackElo "2141"]
[PlyCount "64"]
[EventDate "2005.05.08"]
[EventType "team-tourn"]
[EventRounds "13"]
[EventCountry "CHN"]
[SourceTitle "CBM 106 Extra"]
[Source "ChessBase"]
[SourceDate "2005.07.01"]
[SourceVersion "1"]
[SourceVersionDate "2005.07.01"]
[SourceQuality "1"]

1. c4 Nf6 2. Nc3 e6 3. g3 d5 4. cxd5 exd5 5. d4 c6 6. Qc2 Be7 7. Bg2 Be6 8. Nf3 Qc8 9. 0-0 0-0 10. Rd1 Bf5 11. Qb3 Nbd7 12. Bf4 Nb6 13. Rac1 Nc4 14. Ne5 Be6 15. Nxc4 dxc4 16. Qc2 Rd8 17. e4 Qd7 18. d5 cxd5 19. Nxd5 Nxd5 20. exd5 Bg4 21. Rd2 Rac8 22. Be4 Kh8 23. Bxh7 f5 24. Bg6 Rf8 25. h4 Bd6 26. Rd4 Bxf4 27. Rxf4 Qxd5 28. Rxc4 Bh3 29. f3 Rxc4 30. Qxc4 Qxf3 31. Rc2 Qxg3+ 32. Kh1 Qxg6 0-1

[Event "CHN-chT Torch Real Estate Cup"]
[Site "Wuxi"]
[Date "2005.05.09"]
[Round "8"]
[White "An, Zhixiao"]
[Black "Wang, Doudou"]
[Result "0-1"]
[WhiteElo "2141"]
[BlackElo "2143"]
[PlyCount "62"]
[EventDate "2005.05.08"]
[EventType "team-tourn"]
[EventRounds "13"]
[EventCountry "CHN"]
[SourceTitle "CBM 106 Extra"]
[Source "ChessBase"]
[SourceDate "2005.07.01"]
[SourceVersion "1"]
[SourceVersionDate "2005.07.01"]
[SourceQuality "1"]

1. e4 c5 2. Nf3 Nc6 3. Bb5 g6 4. Bxc6 dxc6 5. d3 Bg7 6. h3 e5 7. Be3 b6 8. Qd2 Be6 9. 0-0 Qd6 10. Nc3 Nf6 11. Bh6 0-0 12. Rad1 Rad8 13. Nh2 Nd7 14. Ng4 Bxg4 15. hxg4 f6 16. Rde1 Rf7 17. a3 Nf8 18. Nd1 c4 19. Bxg7 Kxg7 20. Re3 Qe6 21. f3 Rfd7 22. Nf2 cxd3 23. Rxd3 Rxd3 24. Nxd3 Qd6 25. Qc3 Ne6 26. Kh2 c5 27. Rd1 Qd4 28. Qb3 c4 29. Qb4 Ng5 30. c3 Qe3 31. Qe7+ Nf7 0-1